Vista normal
Vista MARC
Entrada Nombre personal
Número de registros utilizados en: 4
001 - NÚMERO DE CONTROL
- campo de control: 241
003 - IDENTIFICADOR DEL NÚMERO DE CONTROL
- campo de control: BNPHU
005 - FECHA Y HORA DE LA ÚLTIMA TRANSACCIÓN
- campo de control: 20240305095749.0
008 - DATOS DE LONGITUD FIJA
- campo de control de longitud fija: 200615|| aca||aabn | a|a d
040 ## - FUENTE DE LA CATALOGACIÓN
- Centro catalogador/agencia de origen: DO-SdBNP
- Lengua de catalogación: spa
- Centro/agencia transcriptor: BNPHU
- Normas de descripción: rda
100 1# - ENCABEZAMIENTO-NOMBRE DE PERSONA
- Nombre de persona: Suazo, Miguel
370 ## - LUGAR ASOCIADO
- Lugar de nacimiento: República Dominicana
374 ## - OCUPACIÓN
- Ocupación: Medico
375 ## - GÉNERO/SEXO
- Género/Sexo: Masculino
377 ## - LENGUA/LENGUAJE ASOCIADO
- Código del idioma: spa
400 1# - TRAZADO DE VÉASE--NOMBRE DE PERSONA
- Nombre de persona: Suazo Báez, Miguel Ángel
670 ## - FUENTE DE DATOS ENCONTRADOS
- Cita de la fuente: Work cat.: (OSt)59: Suazo, Miguel, Bioética para nuevos /, 2002.
670 ## - FUENTE DE DATOS ENCONTRADOS
- Cita de la fuente: Medicina popular, 1983
670 ## - FUENTE DE DATOS ENCONTRADOS
- Cita de la fuente: https://felaibe.org/cv-miguel-suazo/31 de enero, 2023
